00357cam a2200121 4500082001500000100002500015245006200040260003500102300000800137490004700145650001900192650002400211 a541.38 COC1 aCockcroft,John,K.C.B10aThe Development of Radiation Chemistry and Radiochemistry aLondonbRoyal Institiutec1954 a12p1 aLectures, Monographs and Reports,1954 No.1 0aradiochemistry 0aradiation chemistry